| 000 | 00828nam a2200277 4500 | ||
|---|---|---|---|
| 001 | 177898 | ||
| 003 | ES-MaACL | ||
| 005 | 20230906220436.0 | ||
| 008 | 110505s2008 sp |||| |bspa d | ||
| 017 | _aMA-570/2008 | ||
| 020 | _a9788496764309 | ||
| 080 | _a929 Orwell, George | ||
| 100 | 1 |
_aGutiérrez, Pepe. _9146386 |
|
| 245 | 1 | 3 |
_aLa cuestión Orwell / _cPepe Gutiérrez-Álvarez. |
| 250 | _a1ª ed. | ||
| 260 |
_aMálaga : _bSepha, _c2008. |
||
| 300 |
_a221 p. ; _c23 cm. |
||
| 490 | 1 |
_aLibros abiertos ; _v28 |
|
| 504 | _aBibliografía: p. [217]-221. | ||
| 600 | 1 | 7 |
_aOrwell, George. _987703 |
| 830 | 0 |
_aLibros abiertos ; _v28 _9188991 |
|
| 852 |
_aES-MaACL _9R.145626 _jA-11136 _dOlim:N-4141 _cDEPO1 |
||
| 942 |
_2udc _cMONOGRAFIA |
||
| 999 |
_c177898 _d177898 |
||